000
00306nam a2200121 a 4500
005
20141022142009.0
008
120228s19uu xx 00 eng d
050
_a
CD-ROM
_b
K32 2005
100
_a
Kemp, Sid
245
_a
Ultimate guide to project management /
_c
Sid Kemp.
260
_c
2005.
942
_c
AVM
999
_c
276649
_d
276649